[Event "PRO League KO Stage 2019"]
[Site "chess.com INT"]
[Date "2019.03.20"]
[Round "1"]
[White "Tang, Andrew"]
[Black "Song, Raymond"]
[Result "1-0"]
[WhiteTitle "GM"]
[BlackTitle "FM"]
[WhiteElo "2490"]
[BlackElo "2329"]
[WhiteTeam "Minnesota Blizzard"]
[BlackTeam "Australia Kangaroos"]
[WhiteFideId "2059630"]
[BlackFideId "3203824"]
[EventDate "2019.03.19"]

1. d4 Nf6 2. Nf3 d5 3. e3 e6 4. Bd3 Bd6 5. O-O O-O 6. Nbd2 b6 7. e4 dxe4 8. Nxe4
Nbd7 9. Nxd6 cxd6 10. Bf4 Qe7 11. Re1 Bb7 12. a4 h6 13. a5 Nd5 14. Bg3 bxa5 15.
Rxa5 f5 16. c4 N5b6 17. Bxf5 Rf6 18. b3 Bxf3 19. gxf3 Qf7 20. Bg4 g6 21. Bxd6 h5
22. Bh3 Nc8 23. Bg3 Ne7 24. Bh4 Nf5 25. Bxf6 Nxf6 26. Bxf5 gxf5 27. Kh1 Kh7 28.
Qe2 Re8 29. Qe3 Qc7 30. Re5 1-0

[Event "PRO League KO Stage 2019"]
[Site "chess.com INT"]
[Date "2019.03.20"]
[Round "1"]
[White "Smirnov, Anton"]
[Black "Beerdsen, Thomas"]
[Result "1-0"]
[WhiteTitle "GM"]
[BlackTitle "IM"]
[WhiteElo "2567"]
[BlackElo "2476"]
[WhiteTeam "Australia Kangaroos"]
[BlackTeam "Minnesota Blizzard"]
[WhiteFideId "3208923"]
[BlackFideId "1030108"]
[EventDate "2019.03.19"]

1. e4 c5 2. Nf3 e6 3. d4 cxd4 4. Nxd4 Nc6 5. Nb5 d6 6. c4 Nf6 7. N1c3 a6 8. Na3
Be7 9. Be2 O-O 10. O-O b6 11. Be3 Bb7 12. f3 Rb8 13. Qd2 Ne5 14. Rfd1 Qc7 15.
Rac1 Rfd8 16. Bf1 Ba8 17. Kh1 Rd7 18. Qf2 Bd8 19. b3 Qc8 20. Bf4 Bc7 21. Rc2 Qf8
22. Nab1 Rbd8 23. Rcd2 d5 24. cxd5 exd5 25. exd5 b5 26. a4 b4 27. Ne4 Nxd5 28.
Bxe5 Bxe5 29. Bxa6 Bf4 30. Rd3 Ne3 31. Rxd7 Nxd1 32. Qd4 Rxd7 33. Qxd7 Ne3 34.
Nbd2 h6 35. Qc8 f5 36. Nc5 Bd5 37. Qxf8+ Kxf8 38. Bb7 Bxb7 39. Nxb7 Ke7 40. g3
Bb8 41. Na5 Kd7 42. Nac4 Nd5 43. Kg2 Kc6 44. Kf2 Kc5 45. Ne3 Ne7 46. Nc2 Kd5 47.
Nxb4+ Kd4 48. Ke2 Kc3 49. Na6 Ba7 50. Nc7 Bb6 51. Nb5+ Kb4 52. Kd3 Nc6 53. Nc3
Ne5+ 54. Kc2 Bd4 55. Nd5+ Kc5 56. Nf4 Nc6 57. Ne6+ Kd5 58. Nxd4 Kxd4 59. Nc4 g5
60. a5 h5 61. Kd2 Nb4 62. Ne3 f4 63. gxf4 1-0

[Event "PRO League KO Stage 2019"]
[Site "chess.com INT"]
[Date "2019.03.20"]
[Round "1"]
[White "Tang, Andrew"]
[Black "Smirnov, Anton"]
[Result "1-0"]
[WhiteTitle "GM"]
[BlackTitle "GM"]
[WhiteElo "2490"]
[BlackElo "2567"]
[WhiteTeam "Minnesota Blizzard"]
[BlackTeam "Australia Kangaroos"]
[WhiteFideId "2059630"]
[BlackFideId "3208923"]
[EventDate "2019.03.19"]

1. d4 d5 2. Bf4 Nf6 3. e3 c5 4. dxc5 e6 5. b4 a5 6. c3 Bd7 7. Nd2 axb4 8. cxb4
b6 9. cxb6 Bxb4 10. Bc7 Qe7 11. b7 Ra3 12. Bxb8 Ba4 13. Qc1 Qxb7 14. Be5 Ne4 15.
Nf3 O-O 16. Be2 Rc8 17. Qb1 f6 18. O-O Nxd2 19. Nxd2 fxe5 20. Bg4 Bd7 21. Nf3
Qb8 22. Ng5 e4 23. Bxe6+ Bxe6 24. Nxe6 Qd6 25. Nd4 Rb8 26. Qc2 Bc3 27. Rad1 Rb2
28. Qc1 h6 29. Nf5 Qf6 30. Rxd5 Raxa2 31. Qd1 Kh7 32. Qg4 Qe6 33. Rd6 Qc4 34.
Qg6+ Kh8 35. Rd8+ Qg8 36. Rxg8+ Kxg8 37. Qe8+ Kh7 38. Ne7 1-0

[Event "PRO League KO Stage 2019"]
[Site "chess.com INT"]
[Date "2019.03.20"]
[Round "1"]
[White "Corrales Jimenez, Fidel"]
[Black "Illingworth, Max"]
[Result "1/2-1/2"]
[WhiteTitle "GM"]
[BlackTitle "GM"]
[WhiteElo "2563"]
[BlackElo "2493"]
[WhiteTeam "Minnesota Blizzard"]
[BlackTeam "Australia Kangaroos"]
[WhiteFideId "3506690"]
[BlackFideId "3205207"]
[EventDate "2019.03.19"]

1. e4 e5 2. Nf3 Nc6 3. Bb5 Nf6 4. O-O Nxe4 5. d4 Nd6 6. Bxc6 dxc6 7. dxe5 Nf5 8.
Qxd8+ Kxd8 9. Nc3 Be7 10. Bg5 Bxg5 11. Nxg5 Ke7 12. Rad1 h6 13. Nf3 g5 14. h3 b6
15. g4 Ng7 16. Nd4 Bb7 17. f4 gxf4 18. Rxf4 Rad8 19. Rdf1 Rhf8 20. b4 a5 21.
bxa5 c5 22. Nf5+ Nxf5 23. Rxf5 bxa5 24. R1f2 Bc8 25. e6 fxe6 26. Rxc5 Rxf2 27.
Rxc7+ Bd7 28. Kxf2 Kd6 29. Ra7 Bc6 30. Rxa5 Rf8+ 31. Ke2 e5 32. Ra3 Kc5 33. Nd1
Bb5+ 34. Kd2 Kd4 35. Rg3 Bc4 36. a4 Rf1 37. g5 hxg5 38. Rxg5 Be6 39. c3+ Ke4 40.
Rg3 Kf4 41. Rg6 Bf5 42. Rg2 Rh1 43. Rf2+ Kg5 44. Rg2+ Kf6 45. Rf2 Ke6 46. Ne3
Be4 47. Re2 Bf3 48. Re1 Rh2+ 49. Kd3 Rxh3 50. Kc4 Rh8 51. a5 Rc8+ 52. Kb4 Rb8+
53. Kc5 Rc8+ 54. Kb4 Rb8+ 55. Kc5 Rc8+ 56. Kb4 Rb8+ 57. Kc5 Rc8+ 58. Kb4 Rb8+ 1/2-1/2

[Event "PRO League KO Stage 2019"]
[Site "chess.com INT"]
[Date "2019.03.20"]
[Round "1"]
[White "Fernandez, Daniel Howard"]
[Black "Mitkov, Nikola"]
[Result "0-1"]
[WhiteTitle "GM"]
[BlackTitle "GM"]
[WhiteElo "2471"]
[BlackElo "2481"]
[WhiteTeam "Australia Kangaroos"]
[BlackTeam "Minnesota Blizzard"]
[WhiteFideId "5801605"]
[BlackFideId "15000290"]
[EventDate "2019.03.19"]

1. d4 d5 2. Nf3 Nf6 3. c4 e6 4. Bg5 Bb4+ 5. Nbd2 dxc4 6. a3 Bxd2+ 7. Qxd2 b5 8.
a4 c6 9. axb5 cxb5 10. Qb4 Bd7 11. Ne5 a5 12. Qd2 Nc6 13. f3 h6 14. Bh4 Qe7 15.
Nxc6 Bxc6 16. Rxa5 Rxa5 17. Qxa5 O-O 18. Bxf6 Qxf6 19. Qb6 Ra8 20. Kf2 Be8 21.
g3 Ra2 22. Bg2 Rxb2 23. Ra1 e5 24. Qb8 exd4 25. Qxe8+ Kh7 26. f4 d3 27. Be4+ g6
28. Re1 d2 29. Rd1 c3 30. Ke3 b4 31. Ra1 Qe6 32. Qxe6 fxe6 33. Kd3 Ra2 34. Rf1
Kg7 35. Bf3 b3 36. Kxc3 Rc2+ 37. Kxb3 Rc1 0-1

[Event "PRO League KO Stage 2019"]
[Site "chess.com INT"]
[Date "2019.03.20"]
[Round "1"]
[White "Song, Raymond"]
[Black "Beerdsen, Thomas"]
[Result "1-0"]
[WhiteTitle "FM"]
[BlackTitle "IM"]
[WhiteElo "2329"]
[BlackElo "2476"]
[WhiteTeam "Australia Kangaroos"]
[BlackTeam "Minnesota Blizzard"]
[WhiteFideId "3203824"]
[BlackFideId "1030108"]
[EventDate "2019.03.19"]

1. e4 c5 2. Nf3 d6 3. d4 cxd4 4. Nxd4 Nf6 5. Nc3 a6 6. h3 g6 7. g4 Bg7 8. Bg2
Nbd7 9. O-O Nc5 10. Nb3 Nxb3 11. axb3 O-O 12. f4 Bd7 13. Be3 Bc6 14. Nd5 Bxd5
15. exd5 Rc8 16. c3 Nd7 17. Qe2 Nc5 18. b4 Nd7 19. Qf2 Rc4 20. Rfe1 Nf6 21. Bd4
Qc7 22. Rad1 Qd7 23. Qe2 Rc7 24. Bb6 Re8 25. Bxc7 Qxc7 26. Bf3 h6 27. Qd3 Nd7
28. Kg2 Kf8 29. h4 Rc8 30. g5 h5 31. f5 Ne5 32. Rxe5 Bxe5 33. fxg6 Qc4 34. Qf5
Qf4 35. Qxc8+ Kg7 36. Qh3 fxg6 37. Rf1 Qc4 38. Rf2 b6 39. Be2 Qxd5+ 40. Qf3 Qg8
41. Bc4 1-0

[Event "PRO League KO Stage 2019"]
[Site "chess.com INT"]
[Date "2019.03.20"]
[Round "1"]
[White "Wheeler, Cameron"]
[Black "Yu, Yangyi"]
[Result "1-0"]
[WhiteTitle "IM"]
[BlackTitle "GM"]
[WhiteElo "2383"]
[BlackElo "2761"]
[WhiteTeam "Dallas Destiny"]
[BlackTeam "Chengdu Pandas"]
[WhiteFideId "2060531"]
[BlackFideId "8603820"]
[EventDate "2019.03.19"]

1. d4 d5 2. c4 e6 3. Nf3 c6 4. Nbd2 f5 5. g3 Bd6 6. Bg2 Nd7 7. O-O Ngf6 8. b3
O-O 9. Bb2 f4 10. Ne5 fxg3 11. hxg3 Bxe5 12. dxe5 Ng4 13. Nf3 Qe8 14. Bh3 Qh5
15. Kg2 Nc5 16. Ba3 Ne4 17. Bxg4 Qxg4 18. Bxf8 Kxf8 19. Rh1 Kg8 20. Qc1 Bd7 21.
Rh4 Qg6 22. Qe3 c5 23. Nd2 d4 24. Qd3 Nxd2 25. Qxd2 Bc6+ 26. f3 Rf8 27. Rah1 h6
28. Kf2 Rf5 29. Qa5 Qg5 30. f4 Bxh1 31. Rxh1 Qe7 32. Qxa7 Kh7 33. Qb6 g5 34. e4
dxe3+ 35. Kxe3 gxf4+ 36. gxf4 Qg7 37. Qxe6 Qg3+ 38. Ke2 Qg2+ 39. Kd3 Qf3+ 40.
Kc2 Qe4+ 41. Kb2 h5 42. Qe7+ Kh6 43. Ka3 Qxf4 44. Qe6+ Kh7 45. Rg1 Rg5 46. Qd7+
Kg6 47. Rxg5+ Qxg5 48. e6 Qc1+ 49. Ka4 Qe1 50. Qf7+ Kg5 51. a3 b6 52. b4 cxb4
53. axb4 Qe5 54. e7 b5+ 55. cxb5 Qa1+ 56. Kb3 Qb1+ 57. Kc3 Qa1+ 58. Kd3 Qd1+ 59.
Ke4 Qe2+ 60. Kd4 Qd2+ 61. Ke5 Qc3+ 62. Kd6 Qxb4+ 63. Kc6 Qc3+ 64. Kb7 Qe5 65.
e8=Q Qc5 66. Qee7+ 1-0

[Event "PRO League KO Stage 2019"]
[Site "chess.com INT"]
[Date "2019.03.20"]
[Round "1"]
[White "Gorovets, Andrey"]
[Black "Wang, Yue"]
[Result "0-1"]
[WhiteTitle "GM"]
[BlackTitle "GM"]
[WhiteElo "2493"]
[BlackElo "2684"]
[WhiteTeam "Dallas Destiny"]
[BlackTeam "Chengdu Pandas"]
[WhiteFideId "13504037"]
[BlackFideId "8601429"]
[EventDate "2019.03.19"]

1. d4 Nf6 2. Bf4 d5 3. e3 c5 4. Nf3 Nc6 5. Nbd2 cxd4 6. exd4 Bf5 7. c3 e6 8. Qb3
Qc8 9. Nh4 Be4 10. Nxe4 Nxe4 11. Nf3 Bd6 12. Bxd6 Nxd6 13. Bd3 Qc7 14. O-O O-O
15. a4 a6 16. Qc2 h6 17. Qe2 Rab8 18. b4 Rbc8 19. a5 Na7 20. Rac1 Nab5 21. Ne5
Nxd4 22. Qe3 Nc6 23. Ng4 Rfe8 24. f4 f5 25. Ne5 Nxe5 26. Qxe5 Ne4 27. Qxc7 Rxc7
28. c4 Rec8 29. c5 Kf7 30. g3 Kf6 31. Kg2 g5 32. Bxe4 fxe4 33. fxg5+ Ke5 34.
gxh6 Rh8 35. h4 Rxh6 36. Kh3 d4 37. g4 Rh8 38. h5 e3 39. Kh4 Ke4 40. g5 e2 41.
Rg1 d3 42. g6 d2 43. Kg5 dxc1=Q+ 44. Rxc1 Rd7 45. Re1 Ke3 46. h6 Rd5+ 47. Kf6
Rxh6 48. Kxe6 Rd1 0-1

[Event "PRO League KO Stage 2019"]
[Site "chess.com INT"]
[Date "2019.03.20"]
[Round "1"]
[White "Zhao, Jun"]
[Black "Preotu, Razvan"]
[Result "1-0"]
[WhiteTitle "GM"]
[BlackTitle "GM"]
[WhiteElo "2627"]
[BlackElo "2527"]
[WhiteTeam "Chengdu Pandas"]
[BlackTeam "Dallas Destiny"]
[WhiteFideId "8602522"]
[BlackFideId "2613280"]
[EventDate "2019.03.19"]

1. g3 e5 2. Bg2 d5 3. d3 Nf6 4. Nf3 Nc6 5. O-O Be7 6. Nbd2 O-O 7. e4 dxe4 8.
dxe4 h6 9. Qe2 Be6 10. c3 Nd7 11. Nc4 b5 12. Ne3 Rb8 13. Rd1 Qc8 14. Nd5 Re8 15.
Ne1 Bf8 16. Nc2 Na5 17. b3 c6 18. Nde3 Nf6 19. f4 Bh3 20. f5 Bxg2 21. Nxg2 Nb7
22. Qf3 Nc5 23. Re1 Rd8 24. Re3 Ncxe4 25. Rxe4 Nxe4 26. Qxe4 Rd1+ 27. Nge1 Qd7
28. Be3 Rxa1 29. Nxa1 Qd5 30. Qxd5 cxd5 31. Nac2 Rc8 32. Bd2 Rc6 33. Nd3 f6 34.
Ndb4 Rd6 35. Kf2 a5 36. Nd3 h5 37. Ke2 Kf7 38. a3 g6 39. fxg6+ Kxg6 40. Be3 Rc6
41. Kd2 Kf5 42. b4 a4 43. Bc5 Bh6+ 44. Be3 Bxe3+ 45. Nxe3+ Ke4 46. Ke2 Rxc3 47.
Nc5+ Kd4 48. Ne6+ Ke4 49. Nc5+ Kd4 50. Nf5+ Kc4 51. Nd6+ Kd4 52. Ne6# 1-0

[Event "PRO League KO Stage 2019"]
[Site "chess.com INT"]
[Date "2019.03.20"]
[Round "1"]
[White "Zhang, Di"]
[Black "Holt, Conrad"]
[Result "0-1"]
[BlackTitle "GM"]
[WhiteElo "1966"]
[BlackElo "2548"]
[WhiteTeam "Chengdu Pandas"]
[BlackTeam "Dallas Destiny"]
[WhiteFideId "8616590"]
[BlackFideId "2034387"]
[EventDate "2019.03.19"]

1. d4 d5 2. c4 c6 3. Nf3 Nf6 4. Nc3 dxc4 5. a4 Bf5 6. e3 e6 7. Bxc4 Bb4 8. O-O
O-O 9. Qe2 Nbd7 10. e4 Bg4 11. Bb3 Qb6 12. a5 Bxa5 13. Bc2 e5 14. d5 Bxc3 15.
bxc3 cxd5 16. exd5 e4 17. Be3 Qd6 18. Qd2 exf3 19. c4 fxg2 20. Rfc1 Ne5 21. Bf4
Nf3+ 22. Kxg2 Qd7 23. Qd3 Nh4+ 24. Kg1 Bf5 25. Qg3 Ng6 26. Ba4 Qc8 27. Be3 Ne4
28. Qg2 Nh4 29. Qf1 Bh3 30. Qe2 Qf5 31. Kh1 Bg2+ 32. Kg1 Bf3 33. Qd3 Qh3 0-1

[Event "PRO League KO Stage 2019"]
[Site "chess.com INT"]
[Date "2019.03.20"]
[Round "1"]
[White "Smirnov, Anton"]
[Black "Corrales Jimenez, Fidel"]
[Result "1-0"]
[WhiteTitle "GM"]
[BlackTitle "GM"]
[WhiteElo "2567"]
[BlackElo "2563"]
[WhiteTeam "Australia Kangaroos"]
[BlackTeam "Minnesota Blizzard"]
[WhiteFideId "3208923"]
[BlackFideId "3506690"]
[EventDate "2019.03.19"]

1. e4 e5 2. Nf3 Nc6 3. Bb5 Nf6 4. O-O Nxe4 5. d4 Nd6 6. Bxc6 dxc6 7. dxe5 Nf5 8.
Qxd8+ Kxd8 9. Rd1+ Ke8 10. h3 h5 11. Nc3 Be7 12. b3 Be6 13. Ne2 Nh4 14. Nxh4
Bxh4 15. c4 Be7 16. Be3 Rd8 17. Kh2 b6 18. g3 a5 19. f3 a4 20. Kg2 Ra8 21. g4
hxg4 22. hxg4 axb3 23. axb3 Rxa1 24. Rxa1 Kd7 25. Nf4 Bb4 26. Ra7 Rb8 27. Nxe6
fxe6 28. f4 c5 29. Kf3 Ba5 30. f5 g6 31. f6 Kc6 32. Bh6 Bc3 33. f7 Bxe5 34. f8=Q
Rxf8+ 35. Bxf8 1-0

[Event "PRO League KO Stage 2019"]
[Site "chess.com INT"]
[Date "2019.03.20"]
[Round "1"]
[White "Illingworth, Max"]
[Black "Tang, Andrew"]
[Result "1/2-1/2"]
[WhiteTitle "GM"]
[BlackTitle "GM"]
[WhiteElo "2493"]
[BlackElo "2490"]
[WhiteTeam "Australia Kangaroos"]
[BlackTeam "Minnesota Blizzard"]
[WhiteFideId "3205207"]
[BlackFideId "2059630"]
[EventDate "2019.03.19"]

1. c4 e6 2. Nf3 d5 3. e3 Nf6 4. b3 Be7 5. Bb2 O-O 6. Nc3 b6 7. d4 Bb7 8. Bd3 c5
9. cxd5 cxd4 10. Nxd4 Nxd5 11. O-O Nxc3 12. Bxc3 Nd7 13. Qe2 Rc8 14. Rac1 Ba3
15. Rc2 Nc5 16. Bc4 a6 17. Rd1 Qg5 18. Nf3 Qe7 19. Bb2 Bxb2 20. Rxb2 b5 21. Bd3
Nxd3 22. Rxd3 Bxf3 23. gxf3 Qg5+ 24. Kh1 Rc1+ 25. Rd1 Rxd1+ 26. Qxd1 Rd8 27. Rd2
Rxd2 28. Qxd2 h5 29. Qc2 Qf6 30. Kg2 Qg5+ 31. Kf1 Qd8 32. Ke2 g6 33. Qc6 Qa5 34.
a4 bxa4 35. Qxa4 Qe5 36. Qxa6 Qb2+ 37. Kf1 Qxb3 38. Qc8+ Kg7 39. Qc5 Qb2 40. Kg2
Qf6 41. h3 Kg8 42. f4 Kg7 43. Kf3 Qh4 44. Kg2 Qf6 45. Kg3 Qa1 46. Kg2 Qf6 1/2-1/2

[Event "PRO League KO Stage 2019"]
[Site "chess.com INT"]
[Date "2019.03.20"]
[Round "1"]
[White "Beerdsen, Thomas"]
[Black "Fernandez, Daniel Howard"]
[Result "0-1"]
[WhiteTitle "IM"]
[BlackTitle "GM"]
[WhiteElo "2476"]
[BlackElo "2471"]
[WhiteTeam "Minnesota Blizzard"]
[BlackTeam "Australia Kangaroos"]
[WhiteFideId "1030108"]
[BlackFideId "5801605"]
[EventDate "2019.03.19"]

1. e4 c5 2. Nf3 d6 3. Nc3 a6 4. d4 cxd4 5. Nxd4 b5 6. Bd3 Nf6 7. O-O Bb7 8. a3
Nbd7 9. Bg5 e6 10. Qe2 Be7 11. Kh1 h6 12. Bh4 Qb6 13. f4 g5 14. Bf2 Qc7 15. f5
e5 16. Nb3 h5 17. Be3 g4 18. Rfd1 Nc5 19. Bg5 Nfd7 20. Bxe7 Kxe7 21. Rd2 Na4 22.
Nxa4 bxa4 23. Nc1 Qb6 24. b4 axb3 25. Nxb3 a5 26. a4 Nf6 27. Rdd1 h4 28. Nd2 g3
29. h3 Rab8 30. Bb5 Qf2 31. Qd3 Rhd8 32. Rf1 Qc5 33. c4 Rbc8 34. Rab1 Rc7 35.
Nb3 Qa7 36. Rfe1 Ba8 37. Rbd1 Qf2 38. Re2 Qf4 39. Nd2 Qh6 40. Nf3 Qf4 41. Nd2
Qh6 42. Nf3 Rc5 43. Rde1 Kf8 44. Qe3 Kg7 45. Qxh6+ Kxh6 46. Nxh4 Nxe4 47. Rxe4
Bxe4 48. Rxe4 d5 49. Rxe5 dxc4 50. Re1 c3 51. Rc1 c2 52. Be2 Re5 53. Bg4 Rd1+ 0-1

[Event "PRO League KO Stage 2019"]
[Site "chess.com INT"]
[Date "2019.03.20"]
[Round "1"]
[White "Mitkov, Nikola"]
[Black "Song, Raymond"]
[Result "1/2-1/2"]
[WhiteTitle "GM"]
[BlackTitle "FM"]
[WhiteElo "2481"]
[BlackElo "2329"]
[WhiteTeam "Minnesota Blizzard"]
[BlackTeam "Australia Kangaroos"]
[WhiteFideId "15000290"]
[BlackFideId "3203824"]
[EventDate "2019.03.19"]

1. e4 c6 2. Nc3 d5 3. Nf3 Bg4 4. h3 Bxf3 5. Qxf3 e6 6. Be2 Nf6 7. O-O Bb4 8. e5
Nfd7 9. Qg3 Bf8 10. d4 a6 11. Nd1 c5 12. c3 Nc6 13. Be3 cxd4 14. cxd4 Qb6 15.
Qf4 Be7 16. Qg4 g6 17. h4 h5 18. Qf4 Bf8 19. Qg3 Nxd4 20. Bd3 Bh6 21. f4 Bf8 22.
Rc1 Bc5 23. Qf2 Qa7 24. Rxc5 Qxc5 25. Bxd4 Qa5 26. Nc3 Rc8 27. a3 Qd8 28. Qg3
Qe7 29. Bb1 Rc4 30. Qf2 Nb8 31. Bd3 Rc8 32. Ne2 Kd7 33. b4 Nc6 34. Bc5 Qd8 35.
Bb6 Qe7 36. Bc5 Qd8 37. Bb6 Qe7 1/2-1/2

[Event "PRO League KO Stage 2019"]
[Site "chess.com INT"]
[Date "2019.03.20"]
[Round "1"]
[White "Yu, Yangyi"]
[Black "Gorovets, Andrey"]
[Result "1/2-1/2"]
[WhiteTitle "GM"]
[BlackTitle "GM"]
[WhiteElo "2761"]
[BlackElo "2493"]
[WhiteTeam "Chengdu Pandas"]
[BlackTeam "Dallas Destiny"]
[WhiteFideId "8603820"]
[BlackFideId "13504037"]
[EventDate "2019.03.19"]

1. d4 f5 2. g3 Nf6 3. Bg2 e6 4. Nf3 d5 5. O-O Bd6 6. c4 O-O 7. Nbd2 b6 8. cxd5
exd5 9. Ne5 Bb7 10. Ndc4 Be7 11. Bg5 Ne4 12. Bxe7 Qxe7 13. Nd2 c5 14. e3 Na6 15.
f3 Nd6 16. Rc1 Nc7 17. Nb1 c4 18. a4 a6 19. f4 b5 20. b3 Rab8 21. Nd2 Nce8 22.
h3 Nf6 23. g4 Rfc8 24. g5 Nfe8 25. Rf2 c3 26. Nf1 b4 27. Ng3 Qe6 28. Bf1 Ne4 29.
Nxe4 dxe4 30. Bc4 Bd5 31. Bxd5 Qxd5 32. Qc2 Rc7 33. h4 Nd6 34. h5 Nb7 35. Rb1
Na5 36. Kh2 Nc6 37. Nxc6 Rxc6 38. Kg3 Rbc8 39. Rh2 Kf8 40. Rbh1 Ke8 41. h6 g6
42. Rd1 a5 1/2-1/2

[Event "PRO League KO Stage 2019"]
[Site "chess.com INT"]
[Date "2019.03.20"]
[Round "1"]
[White "Wang, Yue"]
[Black "Wheeler, Cameron"]
[Result "1-0"]
[WhiteTitle "GM"]
[BlackTitle "IM"]
[WhiteElo "2684"]
[BlackElo "2383"]
[WhiteTeam "Chengdu Pandas"]
[BlackTeam "Dallas Destiny"]
[WhiteFideId "8601429"]
[BlackFideId "2060531"]
[EventDate "2019.03.19"]

1. d4 d5 2. c4 c6 3. Nf3 Nf6 4. Qb3 a6 5. g3 dxc4 6. Qxc4 b5 7. Qc2 Bb7 8. Bg2
Nbd7 9. O-O e6 10. Ne5 Nxe5 11. dxe5 Nd7 12. Rd1 Qc7 13. a4 b4 14. Nd2 Nxe5 15.
Ne4 c5 16. Bf4 Bd5 17. a5 Rc8 18. Bxe5 Qxe5 19. Qa4+ Ke7 20. Rac1 Bc6 21. Qc2
Ke8 22. Rd2 f5 23. Ng5 Bxg2 24. Kxg2 c4 25. Qa4+ Qb5 26. Qxb5+ axb5 27. Nxe6 Kf7
28. Nxf8 Rhxf8 29. Rd5 c3 30. bxc3 Ke6 31. Rxb5 bxc3 32. Rb3 Rc5 33. Rcxc3 Rxa5
34. Rb7 Ra2 35. Rxg7 f4 36. Rf3 Rxe2 37. Rxh7 Re4 38. Rh4 Kd5 39. Rhxf4 1-0

[Event "PRO League KO Stage 2019"]
[Site "chess.com INT"]
[Date "2019.03.20"]
[Round "1"]
[White "Holt, Conrad"]
[Black "Zhao, Jun"]
[Result "1-0"]
[WhiteTitle "GM"]
[BlackTitle "GM"]
[WhiteElo "2548"]
[BlackElo "2627"]
[WhiteTeam "Dallas Destiny"]
[BlackTeam "Chengdu Pandas"]
[WhiteFideId "2034387"]
[BlackFideId "8602522"]
[EventDate "2019.03.19"]

1. d4 Nf6 2. c4 g6 3. Nc3 Bg7 4. e4 d6 5. Nf3 O-O 6. h3 c6 7. Bg5 a6 8. Bd3 b5
9. O-O Nbd7 10. a3 e5 11. cxb5 cxb5 12. d5 Nc5 13. Bc2 Bd7 14. b4 Nb7 15. Qd2
Qb8 16. Bd3 Rc8 17. Rfc1 Ne8 18. a4 bxa4 19. Nxa4 Rxc1+ 20. Qxc1 Nd8 21. Be3 Bb5
22. Ne1 Bxd3 23. Nxd3 Qb5 24. Nb6 Rb8 25. Qc2 Nb7 26. Qc4 Qxc4 27. Nxc4 Nc7 28.
Bb6 Nb5 29. Rxa6 f5 30. f3 fxe4 31. fxe4 Nc3 32. Nd2 Bh6 33. Nc4 Nxe4 34. Bc7
Rc8 35. Rc6 Bf8 36. Bb6 Ra8 37. Na5 Nd8 38. Bxd8 Rxd8 39. b5 Ra8 40. Ra6 Rb8 41.
b6 Be7 42. Nc6 Rb7 43. Ra7 Rxb6 44. Nxe7+ Kf8 45. Nc6 Rb1+ 46. Kh2 Rd1 47. Ndb4
h5 48. h4 Nf6 49. Nd8 Ng4+ 50. Kh3 Rh1+ 51. Kg3 Re1 52. Ne6+ Kg8 53. Ra8+ Kh7
54. Rf8 Rb1 55. Ng5+ Kg7 56. Ne6+ Kh7 57. Nc6 Ne3 58. Rf7+ Kh8 59. Ne7 Nf5+ 60.
Nxf5 gxf5 61. Rxf5 1-0

[Event "PRO League KO Stage 2019"]
[Site "chess.com INT"]
[Date "2019.03.20"]
[Round "1"]
[White "Preotu, Razvan"]
[Black "Zhang, Di"]
[Result "1/2-1/2"]
[WhiteTitle "GM"]
[WhiteElo "2527"]
[BlackElo "1966"]
[WhiteTeam "Dallas Destiny"]
[BlackTeam "Chengdu Pandas"]
[WhiteFideId "2613280"]
[BlackFideId "8616590"]
[EventDate "2019.03.19"]

1. e4 c5 2. Nf3 e6 3. d4 cxd4 4. Nxd4 Nf6 5. Nc3 Nc6 6. Ndb5 Bb4 7. a3 Bxc3+ 8.
Nxc3 d5 9. exd5 exd5 10. Bd3 O-O 11. O-O Bg4 12. f3 Bh5 13. Bg5 Qb6+ 14. Kh1 Ne4
15. Nxe4 dxe4 16. Bxe4 Qxb2 17. Rb1 Qxa3 18. Rxb7 Qa6 19. Rc7 Rac8 20. Rxc8 Rxc8
21. Re1 Bg6 22. Bxg6 hxg6 23. Qd6 Qc4 24. h3 Nd4 25. Qd7 Ne6 26. Be3 a5 27. Qa7
Qd5 28. Ra1 Rxc2 29. Qxa5 Qd3 30. Re1 1/2-1/2

[Event "PRO League KO Stage 2019"]
[Site "chess.com INT"]
[Date "2019.03.20"]
[Round "1"]
[White "Preotu, Razvan"]
[Black "Yu, Yangyi"]
[Result "1-0"]
[WhiteTitle "GM"]
[BlackTitle "GM"]
[WhiteElo "2527"]
[BlackElo "2761"]
[WhiteTeam "Dallas Destiny"]
[BlackTeam "Chengdu Pandas"]
[WhiteFideId "2613280"]
[BlackFideId "8603820"]
[EventDate "2019.03.19"]

1. e4 e5 2. Nf3 Nf6 3. Nxe5 d6 4. Nf3 Nxe4 5. d4 d5 6. Bd3 Nc6 7. O-O Be7 8. Nc3
Bf5 9. Re1 Nxc3 10. bxc3 Bxd3 11. Qxd3 O-O 12. Re2 Qd7 13. Bf4 a6 14. Rae1 Rae8
15. Qe3 f6 16. Qe6+ Qxe6 17. Rxe6 Kf7 18. Bxc7 Ba3 19. Rxe8 Rxe8 20. Rb1 b5 21.
Bf4 Na5 22. Kf1 g5 23. Bd2 Nc4 24. Be1 Bb2 25. Ng1 a5 26. Ne2 f5 27. Ng1 a4 28.
Nf3 Kf6 29. Ne5 a3 30. Nxc4 bxc4 31. Bd2 f4 32. f3 h5 33. h4 gxh4 34. Bxf4 Bxc3
35. Be5+ Kf5 36. Rb6 Kg5 37. Rd6 Rb8 38. f4+ Kg4 39. Rg6+ Kf5 40. Rg5+ Ke4 41.
Bxb8 Bxd4 42. Rxh5 Bf6 43. Be5 Be7 44. Rh7 Bb4 45. Ke2 d4 46. Rxh4 d3+ 47. cxd3+
cxd3+ 48. Kd1 Bc5 49. g4 1-0

[Event "PRO League KO Stage 2019"]
[Site "chess.com INT"]
[Date "2019.03.20"]
[Round "1"]
[White "Holt, Conrad"]
[Black "Wang, Yue"]
[Result "0-1"]
[WhiteTitle "GM"]
[BlackTitle "GM"]
[WhiteElo "2548"]
[BlackElo "2684"]
[WhiteTeam "Dallas Destiny"]
[BlackTeam "Chengdu Pandas"]
[WhiteFideId "2034387"]
[BlackFideId "8601429"]
[EventDate "2019.03.19"]

1. d4 Nf6 2. c4 e6 3. Nf3 d5 4. Nc3 a6 5. cxd5 exd5 6. Bg5 Be6 7. e3 Nbd7 8. Bd3
Bd6 9. O-O O-O 10. h3 c6 11. Qc2 Qc7 12. Ne2 Rfe8 13. Bf4 Ne4 14. Bxd6 Qxd6 15.
Nc3 f5 16. Rfe1 Bf7 17. Nd2 Ndf6 18. Nf1 f4 19. f3 Nxc3 20. bxc3 c5 21. Qd2 Nh5
22. Rad1 c4 23. Bc2 b5 24. e4 a5 25. Rb1 Rab8 26. exd5 Rxe1 27. Qxe1 Nf6 28. Be4
Nxd5 29. Bxd5 Qxd5 30. Qh4 Qf5 31. Rb2 b4 32. Nd2 Qd3 33. Ne4 Re8 34. Qxf4 bxc3
35. Rb7 Qxd4+ 36. Kh2 Bg6 37. Rb8 c2 38. Rxe8+ Bxe8 39. Qb8 Qd7 40. Qb2 Qc7+ 41.
Kh1 Ba4 42. Nc3 Qf4 43. Ne2 Qd6 44. Nc1 h6 45. Kg1 Qd1+ 46. Kf2 Qd2+ 47. Ne2 Kh7
48. Qc1 c3 0-1